| 000 | 01400cam a2200229 4500 | ||
|---|---|---|---|
| 001 | ##L130872 | ||
| 008 | 050909n2006 000 0 eng u | ||
| 020 | _a1842192442 | ||
| 035 | _a(Sirsi) u130872 | ||
| 041 | 0 | _aeng | |
| 050 | 0 | 4 | _a711.4 $2 18 |
| 100 | 1 | _aAllmendinger, Philip | |
| 245 | 0 | 0 |
_aBuilding on the past and present _blessons for effective planning |
| 260 |
_aLondon _bRICS _c2006 |
||
| 490 | 0 |
_aRICS Research Paper Series _v5 (12) January 2006 |
|
| 520 | _aExplores the extent to which effective regulation of planning can be achieved by learning the lessons of past experiences and by drawing upon the attitudes and experiences of key players in planning and development. Highlights how targeted change to planning controls can achieve desired impacts rather than the current attempt to change planning as a whole. Examines planning, markets and typologies, a normative typology of planning tools, the attitudes of UK property agents and developers towards planning regulations, an empirical typology of planning tools and concludes with some recommendations. References. | ||
| 590 | _aIKA170106 | ||
| 690 |
_aPlanning and development _96259 |
||
| 710 | 2 |
_aRoyal Institution of Chartered Surveyors _bPublic Affairs _94679 |
|
| 856 | 4 | 0 |
_uhttps://www.rics.org/RICSWEB/getpage.aspx?p=SQ_zB2aoeEWNyS1Limswag _zView the research paper free of charge at www.rics.org... |
| 942 | _n0 | ||
| 999 |
_c104590 _d104590 |
||